| 000 | 00409nam a22001457a 4500 | ||
|---|---|---|---|
| 005 | 20150416101243.0 | ||
| 008 | 150416b xxu||||| |||| 00| 0 eng d | ||
| 040 | _cPK-LaUMT | ||
| 082 |
_aKHC 301.452971054 _bAZI-S |
||
| 100 | _aAziz Ahmad | ||
| 245 |
_aStudies in Islamic culture in the Indian environment _cAziz Ahmad |
||
| 260 |
_aKarachi _bOxford University Press _c1964 |
||
| 300 | _a311 p. | ||
| 942 | _cBK | ||
| 999 |
_c69948 _d69948 |
||